| 000 | 00456nam a22001697a 4500 | ||
|---|---|---|---|
| 003 | NUST - PNEC | ||
| 005 | 20170116181155.0 | ||
| 008 | 160111b xxu||||| |||| 00| 0 eng d | ||
| 020 | _a087033089 6 | ||
| 040 | _cLIBRARY | ||
| 082 | _a623.87 PAT | ||
| 100 |
_915867 _aPaterson, William B. |
||
| 245 |
_aMarine engieneirng : queestions & answers _cWilliam B. Paterson |
||
| 260 | _cc.1979 | ||
| 650 |
_915870 _aMarine engieneirng _xME |
||
| 942 |
_2ddc _cBK |
||
| 999 |
_c71179 _d71179 |
||